000 01146nam a2200325 a 4500
001 000024043
005 20240412074251.0
008 110118s2010 dr a 001 p spa d
020 _a9789945003864
040 _aDO-SdBNP
_bspa
_cBNPHU
041 1 7 _aspa
_heng
_hfre
082 _aRD861.44
_bM878p, 2010
100 1 _aMorrison, Mateo,
_d1947-
_91469
245 1 0 _aPasajero del aire = Passenger of the air = Passager de l'air /
_cMateo Morrison ; traducciones inglés Carmen R. Estrada, Timothy Walsh ; francés Gahston Saint-Fleur.
246 1 1 _aPassenger of the air
246 1 1 _aPassager de l'air
250 _a2a ed.
260 _aSanto Domingo :
_bBúho,
_c2010.
300 _a74 p. :
_bil. ;
_c22 cm.
500 _aBibliografía : p. 63-65
546 _aEspañol, Inglés, Francés.
586 _aPremio Nacional de Literatura
590 _aInventariado, 2018/LP
650 0 _aPoesía dominicana
_966
650 0 _aLiteratura dominicana.
_967
700 1 _aSaint-Fleur, Gahston,
_etr.
_949405
700 1 _aEstrada, Carmen R.,
_etr.
_949406
700 1 _aWalsh, Timothy,
_etr.
_949407
910 _aValidado. Control de calidad EMS
999 _c23538
_d23538